• 首页
  • 本馆介绍
  • 公告通知
  • 最新文献
  • 馆藏检索
  • 电子资源
  • 读者荐购
  • 参考咨询
  • CALIS
  • 我的图书馆
  • 登录
  • 详细信息显示
  • 放入我的书架
  • 预约/预借图书
  • 作者相关作品
  • 分类相关作品
  • 丛书相关作品
  • 出版社相关作品

书目信息

  • 表格格式
  • 工作单格式
  • 卡片格式
题名:
苏商模式
    
 
作者: 张俊杰 主编
分册:  
出版信息: 北京   中国经济出版社  2005.08
页数: 278页
开本: 26cm
丛书名: 中国财富商团丛书
单 册:
中图分类: F127.53
科图分类:
主题词: 地区经济--di qu jing ji--研究--江苏省
电子资源:
ISBN: 7-5017-6742-4
 
 
 
 
 
000 00930nam 2200241 450
001 012006280504
005 20060630110548.65
010    @a7-5017-6742-4@dCNY32.00
100    @a20060610d2005 km y0chiy0120 ea
101 0  @achi
102    @aCN@b110000
105    @ay z 000yy
200 1  @a苏商模式@Asu shang mo shi@f张俊杰主编@Fzhang jun jie zhu bian
210    @a北京@c中国经济出版社@d2005.08
215    @a278页@d26cm
225 2  @a中国财富商团丛书@Azhong guo cai fu shang tuan cong shu
330    @a本书讲述苏商财团的代表人物,经营特点,影响。苏商善于审时度势,他们精细作业的经商智慧称雄商界。苏商的特点是,在经营中善于扬长避短,稳中求胜,注重市场信息,预测行情,布局成见,头脑灵活,直接经营,薄利多销。
410  0 @12001 @a中国财富商团丛书
606 0  @a地区经济@Adi qu jing ji@x研究@y江苏省
690    @aF127.53@v4
701  0 @a张俊杰@Azhang jun jie@4主编
801  0 @aCN@bQSSK@c20060630
905    @a10447@dF127.53@eZ122
    
    苏商模式/张俊杰主编.-北京:中国经济出版社,2005.08
    278页;26cm.-(中国财富商团丛书)
    
    
    ISBN 7-5017-6742-4:CNY32.00
    本书讲述苏商财团的代表人物,经营特点,影响。苏商善于审时度势,他们精细作业的经商智慧称雄商界。苏商的特点是,在经营中善于扬长避短,稳中求胜,注重市场信息,预测行情,布局成见,头脑灵活,直接经营,薄利多销。
●
相关链接 在E读中查询图书 在当当中查询图书 在豆瓣中查询图书


正题名:苏商模式     索取号:F127.53/Z122         预约/预借

序号 登录号 条形码 馆藏地/架位号 状态 备注
1 583538   205835382   社科库409/409社科库 70排4列2层/ [索取号:F127.53/Z122] 在馆    
2 583539   205835391   社科二线400B/400B社科库 32排2列3层/ [索取号:F127.53/Z122] 在馆    
3 583540   205835408   社科二线400B/400B社科库 32排2列3层/ [索取号:F127.53/Z122] 在馆    
河南城建学院图书馆 欢迎您!
大连网信软件有限公司© 版权所有